Stagnácia predchádza úbytku obyvateľstva
Podľa Správy o populačnom vývoji sa búrlivý demografický vývoj v prvej polovice deväťdesiatych rokov stabilizoval a na Slovensku vzniká nový reprodukčný model. Komentovanie jednotlivých demografických procesov napr. sobášnosti a plodnosti, poklesu úmrtnosti, zintenzívnenie rozvodovosti. Veková štru...
Enregistré dans:
| Auteur principal: | |
|---|---|
| Format: | Chapitre de livre |
| Langue: | slovaque |
| Sujets: | |
| Tags: |
Pas de tags, Soyez le premier à ajouter un tag!
|
MARC
| LEADER | 00000naa$a2200000$$$4500 | ||
|---|---|---|---|
| 001 | 0002655 | ||
| 005 | 20230925123552.5 | ||
| 041 | 0 | |a slo | |
| 044 | |a SK | ||
| 245 | 1 | 0 | |a Stagnácia predchádza úbytku obyvateľstva |c aut. Tomáš Gális |
| 520 | |a Podľa Správy o populačnom vývoji sa búrlivý demografický vývoj v prvej polovice deväťdesiatych rokov stabilizoval a na Slovensku vzniká nový reprodukčný model. Komentovanie jednotlivých demografických procesov napr. sobášnosti a plodnosti, poklesu úmrtnosti, zintenzívnenie rozvodovosti. Veková štruktúra obyvateľstva. problémy demografického vývoja. | ||
| 610 | 2 | 0 | |a vývoj populačný |
| 610 | 2 | 0 | |a demografia |
| 610 | 2 | 0 | |a populácia |
| 610 | 2 | 0 | |a pôrodnosť |
| 610 | 2 | 0 | |a úmrtnosť |
| 610 | 2 | 0 | |a úbytok obyvateľstva |
| 610 | 2 | 0 | |a štatistika demografická |
| 610 | 2 | 0 | |a prognózy demografické |
| 610 | 2 | 0 | |a Slovensko |
| 100 | 1 | |a Gális, Tomáš | |